| 000 | 00847nam a22003017a 4500 | ||
|---|---|---|---|
| 003 | CHAP | ||
| 005 | 20220817042644.0 | ||
| 008 | 971013s1979 r 00010 d | ||
| 010 | _a51206 | ||
| 011 | _a52178 | ||
| 035 | _a56328 | ||
| 040 | _cCHAP | ||
| 082 |
_a636.5 _bW3 |
||
| 100 | 0 | 0 |
_aWalters, John. _9120981 |
| 245 | _aKeeping chickens | ||
| 260 |
_aLondon : _bPelham, _c1979 |
||
| 300 |
_a125 p. _b: ilus. |
||
| 490 | _aGarden farming series | ||
| 590 |
_aBATCH-UPD _b10 _c20130110 _lUCH01 _h0441 |
||
| 590 |
_aBATCH-UPD _b10 _c20130110 _lUCH01 _h2153 |
||
| 590 |
_aCONVERSION _b10 _c20130109 _lUCH01 _h1328 |
||
| 650 | 1 | 4 | _aAvicultura. |
| 700 | 0 |
_aParker, Michael. _985603 |
|
| 830 | 0 |
_aGarden farming series _946831 |
|
| 901 | _aBK | ||
| 942 | _cLIBRO | ||
| 949 |
_a636.5 W3 _bBC _cLIBRO _d33724000102604 _eLIBRO _h54506 _i56328 _si _t253.50 |
||
| 999 |
_c51206 _d51206 |
||